The Walking Dead en 20 façons de Mourir (Spoils) - Statistiques

Statistiques générales
  • Ce quiz a été pris 2 961 fois
  • Le résultat moyen est 12 sur 20
Statistiques - réponses
Hint Réponse % Correct
A coups de batte de baseball, les 2ers coups lui défonçant le crâne, dernières paroles "Maggie, je te -re-trouverai" Glenn Rhee
90%
Par complication durant un accouchement et d'une balle dans la tête par Carl Lori Grimes
90%
Par Décapitation au katana par Le Gouverneur Hershel Greene
87%
A coups de batte de baseball, finissant la tête en bouillie après s'être relevé(e) au 1er coup, dernières paroles en guise de défiance "suce mes boules" Abraham Ford
86%
En ingéreant volontairement une capsule de cyanure durant un transfert dans un cercueil Sasha Williams
84%
Poignardé(e) au coeur par Rick Grimes, puis achevé(e) d'une balle dans la tête par Carl Grimes Shane Walsh
78%
Dévoré(e) par des Rôdeurs afin de sauver Carol Theodore Douglas "T-Dog"
67%
Par Pendaison, condamnation à mort par Maggie pour tentative de meurtre Grégory
66%
Éventré(e) par un Rôdeur puis abattu(e) d'une balle dans la tête par Daryl Dale Horvath
61%
Morsure à l'abdomen par un zombie et suicide par balle Carl Grimes
59%
Par Balle de revolver tirée lâchement par l'officier Dawn Lerner Beth Greene
58%
Fléchette reçue dans l'oeil droit tiré par Dwight Denise Cloyd
58%
Mordu(e) au cou par Milton, puis se tire une balle dans la tête pour éviter sa réanimation Andrea Harrison
55%
Poignardé(e) et éventré(e) par Negan juste après que ce dernier ait fait une blague sur son manque de tripes Spencer Monroe
55%
Massacré(e) à la machette par Rick (qui refuse de lui laisser la vie sauve en affirmant que lui ou elle et son groupe s'en prendraient à n'importe qui) Gareth
48%
Exécuté(e) par Arat (car Negan lui a ordonné de tuer quelqu'un à cause des mensonges de Rosita qui venait de tirer sur sa batte en voulant le tuer) Olivia
46%
Tué(e) par Henry d'un coup de bâton puis poignardé(e) au crâne par Carol Gavin
36%
Jeté(e) la tête la première dans un four par Negan, brûlé(e) à mort Emmett Carson
35%
Etranglé(e) par Dante et Achevé(e) par Rosita Siddiq
34%
En recevant une balle des Sauveurs Eric Raleigh
24%
Aucun quiz correspondant
Distribution des résultats
% des personnes avec chaque résultat
Percentile par nombre de réponses
Votre historique - résultats
Vous n’avez pas pris ce quiz